Monaco in the Eurovision Song Contest - Statistics

General Stats
  • This quiz has been taken 7 times
  • The average score is 7 of 24
Answer Stats
Answer % Correct
Un banc, un arbre, une rue
83%
La Coco-Dance
67%
Ce soir-là
50%
Un train qui part
50%
Celui qui reste et celui qui s'en va
33%
Les Jardins de Monaco
33%
Notre vie c'est la musique
33%
Une petite française
33%
À chacun sa chanson
17%
Allons, allons les enfants
17%
Bien plus fort
17%
Boum-Badaboum
17%
Comme on s'aime
17%
Dis rien
17%
L'Amour s'en va
17%
Maman, Maman
17%
Marlène
17%
Mon ami Pierrot
17%
Notre planète
17%
Où sont-elles passées
17%
Toi, la musique et moi
17%
Tout de moi
17%
Une chanson c'est une lettre
17%
Va dire à l'amour
17%
No matching quizzes found
Score Distribution
Percent of People with Each Score
Percentile by Number Answered
Your Score History
You have not taken this quiz